000 00446nam a2200169Ia 4500
008 230917s9999||||xx |||||||||||||| ||und||
020 _cRS15
040 _e6897
_aMAIN
041 _aEnglish
082 _a320.50954 G748S
100 _aGoyal, O P
245 0 _aStudies in modern Indian political thought: The moderatres and the extremists
250 _a2nd ed.
260 _aAllehabad
_bKitab Mahal
_c1977
300 _a200 p.
942 _cBK
999 _c187959
_d187959